|
|
|
|
| LEADER |
01519nam a2200301 u 4500 |
| 001 |
10095655 |
| 003 |
upatras |
| 005 |
20210117203127.0 |
| 008 |
111215s2010 uk eng |
| 020 |
|
|
|a 184769232X
|
| 040 |
|
|
|a GR-PaULI
|c GR-PaULI
|
| 041 |
0 |
|
|a eng
|
| 082 |
0 |
4 |
|a 305.235208905052
|
| 100 |
1 |
|
|a Kamada, Laurel D.
|4 aut
|9 102541
|
| 245 |
1 |
0 |
|a Hybrid identities and adolescent girls
|b being "half" in Japan
|c Laurel D. Kamada
|
| 260 |
|
|
|a Bristol
|b Multilingual Matters
|c c2010
|
| 300 |
|
|
|a xix, 258 p.
|c 21 cm.
|
| 490 |
0 |
|
|a Critical language and literacy studies
|
| 504 |
|
|
|a Includes bibliographical references and index.
|
| 650 |
|
4 |
|a Ταυτότητα (Ψυχολογία)
|x Κοινωνικές απόψεις
|x Μελέτη περιπτώσεων
|z Ιαπωνία
|9 102542
|
| 650 |
|
4 |
|a Φυλετική ανάμειξη
|x Παιδιά
|x Εθνική ταυτότητα
|z Ιαπωνία
|9 102543
|
| 650 |
|
4 |
|a Γλώσσα και πολιτισμός
|x Μελέτη περιπτώσεων
|z Ιαπωνία
|9 102544
|
| 760 |
0 |
|
|a Critical language and literacy studies
|
| 852 |
|
|
|a GR-PaULI
|b ΠΑΤΡΑ
|b ΦΙΛΟΛΟΓΙΑ
|k ΔΑΝΕΙΖ-6
|h 305.235208905052 KAM
|m 12685
|p 025000195428
|t 1
|
| 942 |
|
|
|2 ddc
|
| 952 |
|
|
|0 0
|1 0
|2 ddc
|4 0
|6 305_235208905052000_KAM
|7 0
|9 106120
|a LISP
|b LISP
|c BSC
|d 2016-04-24
|i 12685
|l 0
|o 305.235208905052 KAM
|p 025000195428
|r 2016-04-24 00:00:00
|t 1
|w 2016-04-24
|y BK15
|x Μεταφορά Τμήματος Φιλολογίας
|
| 998 |
|
|
|c ΑΝΔΡΙΚΟΠΟΥΛΟΥ
|d 2011-12
|
| 999 |
|
|
|c 71328
|d 71328
|